000 00519nam a2200181 a 4500
001 7061
003 CO-ViMGA
008 141112s2004 ck r 000 u spa d
040 _aCO-ViMGA
_bspa
_cCO-ViMGA
082 0 4 _a364.157 C151
100 1 _aCamacho Guizado, Alvaro
_96129
245 1 0 _aDroga y sociedad en colombia :
_bel poder y el estigma
260 _aBogotá :
_bCerec,
_c1988
300 _a174 p
490 _aHistoria contemporánea y realidad nacional, 20
650 1 4 _aNARCOTRAGICO
_96130
942 _2ddc
_cBK
999 _c19026
_d19026